| 000 | 00765cam a22002292 4500 | ||
|---|---|---|---|
| 001 | 0000009857 | ||
| 005 | 20151021151122.0 | ||
| 008 | 081204s xx 000 0 eng d | ||
| 020 | _a996684631x : | ||
| 040 |
_aKABU _cKABU |
||
| 245 | 1 | 0 |
_aUnderstanding oral literature / _cedited by Austin Bukenya, Wanjiku mukabi Kabira, Okoth Okombo. |
| 250 | _a1st ed. | ||
| 260 |
_aNairobi : _bUniversity of Nairobi Press, _c1994. |
||
| 300 | _aviii, 102 p. | ||
| 650 | 0 |
_aFolk literature _xStudy and teaching. _@0000161634 |
|
| 700 | 1 |
_aBukenya, Austin. _@0000161635 |
|
| 700 | 1 |
_aKabira, Wanjiku Mukabi. _@0000161636 |
|
| 700 | 1 |
_aOkombo, Okoth. _@0000159978 |
|
| 852 | 1 | _9p300 KES | |
| 908 | _a081204 | ||
| 950 | _@1 | ||
| 999 |
_c855 _d855 |
||